000 00939cab a2200217 4500
001 L130615
008 050803n2005 000 0 eng u
035 _a(Sirsi) u130615
041 _aeng
050 _a338.4569
_c18
110 _aFederation of Master Builders
_9465
245 _aFMB state of trade survey
_bsecond quarter of 2005
260 _aLondon
_bFMB
_c2005
490 _aFMB State of Trade Survey
_vSecond Quarter of 2005
520 _aShows a further slowdown in the growth of workload for small and medium sized contractors, although firms expect workloads to increase in the third quarter of 2005 and to take on more staff in this period.
590 _aIKA160805
650 _aFEDERATION OF MASTER BUILDERS STATE OF TRADE SURVEY
690 _aBUILT ENVIRONMENT-CONSTRUCTION MARKET
856 _uhttps://www.fmb.org.uk/publications/sotsurvey/index.asp
_zView the item free of charge at www.fmb.org.uk...
942 _n0
999 _c104495
_d104495